00492nam a22001817a 450000500170000000800410001702000180005804100120007608200220008810000220011011000060013224500760013825000080021426000410022230000150026336500130027865000190029120250218164619.0250213b |||||||| |||| 00| 0 eng d a9781911717096 aEnglish a001.09 HARb33620 aYuval Noah Harari a  aNexusbA brief History of Information Networks From The stone Age to AI a1st anew yorkbPenguin Random Housec2024 a492:P 22cm b715cRs. aPower Resource